| 000 | 00522nam a22001697a 4500 | ||
|---|---|---|---|
| 005 | 20240517125558.0 | ||
| 008 | 240517b |||||||| |||| 00| 0 eng d | ||
| 020 | _a9780070495098 | ||
| 082 |
_a005.133 _bOLI-D |
||
| 100 | _aOliver, Robert Ian | ||
| 245 |
_aDesigning enterprise applicartion with microsoft visual basic.net _cRobert Ian Oliver |
||
| 260 |
_ausa: _bElsevier; _c2003. |
||
| 300 |
_a475 p. : _bill; _c24 cm. |
||
| 500 | _ainclude index. | ||
| 650 | _acomputer science/ Java programming Language | ||
| 999 |
_c35789 _d35789 |
||